[Event "Bayamo Cespedes Memorial op"]
[Site "Bayamo"]
[Date "2017.03.02"]
[Round "2.13"]
[White "Lopez Reyes, Claudia"]
[Black "Ordonez Peregrino, Jordan"]
[Result "0-1"]
[WhiteElo "1600"]
[BlackElo "2082"]
[PlyCount "112"]
[EventDate "2017.03.01"]
[EventType "swiss"]
[EventRounds "9"]
[EventCountry "CUB"]
[SourceTitle "EXT 2023"]
[Source "ChessBase"]
[SourceDate "2022.10.05"]
[SourceVersion "1"]
[SourceVersionDate "2022.10.05"]
[SourceQuality "1"]

1. e4 c5 2. Nf3 a6 3. d3 g6 4. g3 Bg7 5. Bg2 Nc6 6. c3 Nf6 7. Nbd2 0-0 8. 0-0 d6 9. Re1 Qc7 10. Nf1 Rb8 11. h4 Rd8 12. Bf4 h6 13. e5 Nh5 14. exd6 exd6 15. Be3 Bf5 16. N1h2 Qc8 17. Qd2 Kh7 18. d4 Nf6 19. d5 Ne7 20. c4 b5 21. Qe2 Re8 22. Nd2 Bh3 23. Bxh3 Qxh3 24. b3 Nf5 25. Qf3 Nd7 26. Rab1 Ne5 27. Qg2 Qxg2+ 28. Kxg2 Nd3 29. Red1 Rxe3 30. Ndf1 Re2 31. Rxd3 Rxa2 32. Nd2 Re8 33. Kf1 b4 34. Nhf3 Bc3 35. Re1 Rxe1+ 36. Kxe1 a5 37. Kd1 h5 38. Ne4 Bg7 39. Nfg5+ Kg8 40. Kc1 Bh6 41. f4 Bg7 42. Nf3 Re2 43. Nfd2 Kf8 44. Kd1 Rg2 45. Nf1 Ke7 46. Ne3 Rg1+ 47. Kd2 Nd4 48. Nd1 Rg2+ 49. Kc1 Ne2+ 50. Kb1 Bd4 51. Ne3 Rg1+ 52. Nd1 f5 53. Ng5 Rxd1+ 54. Rxd1 Nc3+ 55. Kc2 Nxd1 56. Kxd1 Bf2 0-1

[Event "Camaguey 503 op"]
[Site "Camaguey"]
[Date "2017.02.04"]
[Round "7.2"]
[White "Lopez Reyes, Claudia"]
[Black "Cabrera Ramirez, Anyeli"]
[Result "1/2-1/2"]
[WhiteElo "1600"]
[BlackElo "1344"]
[PlyCount "118"]
[EventDate "2017.02.01"]
[EventType "swiss"]
[EventRounds "9"]
[EventCountry "CUB"]
[SourceTitle "EXT 2023"]
[Source "ChessBase"]
[SourceDate "2022.10.05"]
[SourceVersion "1"]
[SourceVersionDate "2022.10.05"]
[SourceQuality "1"]

1. e4 c5 2. Nf3 e6 3. d3 Nc6 4. g3 d5 5. Nbd2 Bd6 6. Bg2 Nge7 7. 0-0 0-0 8. Re1 Ng6 9. h4 b6 10. Nf1 h6 11. h5 Nge5 12. Nxe5 Bxe5 13. Qg4 Kh8 14. Ne3 Bc7 15. exd5 exd5 16. Qf3 Be6 17. Nxd5 Bxd5 18. Qxd5 Nd4 19. Qc4 Rb8 20. Be3 Nf5 21. Qd5 Nxe3 22. Qxd8 Rbxd8 23. Rxe3 f5 24. f4 b5 25. Kf1 a5 26. Bc6 b4 27. Rae1 Kh7 28. Re7 Bd6 29. Ra7 Rc8 30. Bd7 Rc7 31. Rxc7 Bxc7 32. Re8 Rf6 33. Rc8 Bb6 34. Be8 Kg8 35. Bg6+ Rf8 36. Rxf8+ Kxf8 37. Bxf5 Ke7 38. Ke2 Kf6 39. Be4 Bc7 40. c3 bxc3 41. bxc3 Bb8 42. d4 cxd4 43. cxd4 Bd6 44. Kd3 Bb4 45. d5 Bd6 46. Kc4 Bc7 47. Kc5 Ke7 48. Kc6 Bd6 49. Kb5 Bc7 50. Kc4 Bd6 51. Kd4 Bc7 52. Ke3 Kf6 53. Kf3 Bd6 54. g4 Bc7 55. Bg6 Bd6 56. Ke4 Bc7 57. g5+ hxg5 58. fxg5+ Kxg5 59. Kd4 Kf6 1/2-1/2

[Event "Camaguey 503 op"]
[Site "Camaguey"]
[Date "2017.02.03"]
[Round "5.1"]
[White "Cabrera Ramos, Brenda Milagros"]
[Black "Lopez Reyes, Claudia"]
[Result "0-1"]
[WhiteElo "1495"]
[BlackElo "1600"]
[PlyCount "68"]
[EventDate "2017.02.01"]
[EventType "swiss"]
[EventRounds "9"]
[EventCountry "CUB"]
[SourceTitle "EXT 2023"]
[Source "ChessBase"]
[SourceDate "2022.10.05"]
[SourceVersion "1"]
[SourceVersionDate "2022.10.05"]
[SourceQuality "1"]

1. e4 c5 2. Nf3 d6 3. g3 e6 4. Bg2 Nc6 5. d3 Nf6 6. 0-0 Be7 7. Nbd2 0-0 8. Re1 b5 9. Nf1 Nd7 10. h4 Nde5 11. N1h2 a5 12. Be3 b4 13. Qd2 Bf6 14. a3 Nxf3+ 15. Bxf3 Bxb2 16. e5 Bc3 17. Qe2 Bxe1 18. Bxc6 Bc3 19. Ra2 Ra6 20. Ba4 Bxe5 21. Qg4 Qf6 22. h5 Bd4 23. Bxd4 Qxd4 24. Qe2 bxa3 25. Bb3 a4 26. Bc4 Rb6 27. Rxa3 d5 28. c3 Qf6 29. Ba2 Ba6 30. Ng4 Qg5 31. Kg2 Qf5 32. c4 dxc4 33. Bxc4 Bb7+ 34. Kg1 Rb1+ 0-1

[Event "Camaguey 503 op"]
[Site "Camaguey"]
[Date "2017.02.01"]
[Round "2.4"]
[White "Lopez Reyes, Claudia"]
[Black "Gonzalez Gonzalez, Danielle De La"]
[Result "0-1"]
[WhiteElo "1600"]
[BlackElo "1815"]
[PlyCount "53"]
[EventDate "2017.02.01"]
[EventType "swiss"]
[EventRounds "9"]
[EventCountry "CUB"]
[SourceTitle "EXT 2023"]
[Source "ChessBase"]
[SourceDate "2022.10.05"]
[SourceVersion "1"]
[SourceVersionDate "2022.10.05"]
[SourceQuality "1"]

1. c4 Nf6 2. Nc3 d6 3. g3 Nbd7 4. Bg2 g6 5. e3 Bg7 6. Nge2 0-0 7. 0-0 e5 8. d4 Re8 9. Bd2 a5 10. f4 c6 11. f5 exd4 12. exd4 Nb6 13. fxg6 hxg6 14. b3 Bf5 15. Bg5 Bg4 16. Bf3 Bxf3 17. Rxf3 Nbd7 18. Qf1 Qe7 19. Re3 Qd8 20. Rxe8+ Qxe8 21. Re1 Qf8 22. Nf4 Re8 23. Kg2 Ng4 24. Rxe8 Qxe8 25. Qe2 Qxe2+ 26. Nfxe2 Ne3+ 27. Bxe3 0-1